[Event "Festival INPS"]
[Site "Roma ITA"]
[Date "1996.??.??"]
[Round "7"]
[White "Ciotoli, Patrizio"]
[Black "Michelena, Rodolfo"]
[Result "1-0"]
[WhiteElo "2010"]
[BlackElo "1810"]
[PlyCount "106"]
[EventDate "1996.??.??"]

1. e4 e5 2. f4 d6 3. Nf3 Nc6 4. Bb5 Bg4 5. Bxc6+ bxc6 6. fxe5 dxe5 7. O-O Bc5+
8. Kh1 Nf6 9. d3 Nd7 10. Qe1 Bxf3 11. Rxf3 f6 12. Nd2 Qe7 13. Nb3 Bb6 14. a4 a5
15. Bd2 O-O 16. Nxa5 Qd6 17. Nc4 Qe6 18. Ne3 Bxe3 19. Bxe3 c5 20. Qc3 Qd6 21.
Qc4+ Kh8 22. b3 c6 23. Raf1 Ra5 24. Qc3 Raa8 25. Rh3 Rf7 26. g4 Qe7 27. Rhf3
Raf8 28. Qc4 h6 29. Ra1 Ra8 30. a5 Rff8 31. Ra4 Rfb8 32. Qc3 Rb4 33. Qe1 Kg8
34. Bd2 Nf8 35. Qh4 Ne6 36. Ra2 Rb7 37. Rf1 Rba7 38. Qg3 Nd4 39. Rfa1 Rb8 40.
Qf2 Ra6 41. Be3 Ne6 42. h4 Rba8 43. Qf5 Rf8 44. Rg1 Rf7 45. Bd2 Ra8 46. Be3 Ra6
47. g5 hxg5 48. hxg5 fxg5 49. Qxe5 Qd7 50. Rg3 Ra8 51. a6 Rf1+ 52. Kg2 Qf7 53.
a7 Rc1 1-0

[Event "Festival INPS"]
[Site "Roma ITA"]
[Date "1996.??.??"]
[Round "7"]
[White "De Vita, Igor"]
[Black "Pezzaldi, Roberto"]
[Result "1-0"]
[WhiteElo "2150"]
[BlackElo "2013"]
[PlyCount "93"]
[EventDate "1996.??.??"]

1. e4 e6 2. d4 d5 3. exd5 exd5 4. c4 Nf6 5. Nc3 Be7 6. Be3 c6 7. Nf3 Bg4 8. h3
Bh5 9. g4 Bg6 10. Qb3 Qb6 11. cxd5 Qxb3 12. axb3 Nxd5 13. Nxd5 cxd5 14. Bb5+
Nc6 15. Ne5 Rc8 16. O-O a6 17. Bxc6+ bxc6 18. Rxa6 f6 19. Nxg6 hxg6 20. Kg2 Kd7
21. Bf4 Bd6 22. Bxd6 Kxd6 23. b4 Rb8 24. Rc1 Rhc8 25. Ra7 Rc7 26. Rxc7 Kxc7 27.
Re1 Kd6 28. Re2 Rxb4 29. Rd2 c5 30. dxc5+ Kxc5 31. Rc2+ Rc4 32. Re2 d4 33. Re8
d3 34. Rd8 Rd4 35. Rxd4 Kxd4 36. Kf1 Kc4 37. Ke1 Kb3 38. Kd2 Kxb2 39. Kxd3 Kc1
40. h4 Kd1 41. f4 Ke1 42. Ke3 Kf1 43. Kf3 f5 44. gxf5 gxf5 45. h5 Ke1 46. Ke3
Kf1 47. Kd4 1-0

[Event "Festival INPS"]
[Site "Roma ITA"]
[Date "1996.??.??"]
[Round "7"]
[White "Della Ragione, Achille"]
[Black "Capretti, Giovanni"]
[Result "1-0"]
[WhiteElo "1863"]
[BlackElo "1836"]
[PlyCount "93"]
[EventDate "1996.??.??"]

1. c4 e5 2. Nc3 Nf6 3. g3 Nc6 4. Bg2 d6 5. e3 g6 6. Nge2 Bg7 7. O-O O-O 8. Rb1
Bf5 9. e4 Bg4 10. h3 Be6 11. d3 Qd7 12. Kh2 Ne8 13. b4 f5 14. b5 Nd8 15. exf5
gxf5 16. f4 e4 17. dxe4 Bxc4 18. exf5 Qxf5 19. Bd5+ Bxd5 20. Qxd5+ Qxd5 21.
Nxd5 Ne6 22. Be3 Nf6 23. Ne7+ Kh8 24. Nf5 Nd5 25. Nxg7 Nxe3 26. Nxe6 Nxf1+ 27.
Rxf1 Rf7 28. Rf2 Re8 29. N2d4 c5 30. bxc6 bxc6 31. Nxc6 Rxe6 32. Nd8 Rfe7 33.
Nxe6 Rxe6 34. Kg2 Kg7 35. Kf3 d5 36. Rd2 Rd6 37. f5 Kf6 38. Kf4 d4 39. g4 h6
40. Ke4 Kg5 41. Rxd4 Ra6 42. a4 h5 43. Ke5 Ra5+ 44. Ke6 Ra6+ 45. Ke7 hxg4 46.
hxg4 Rh6 47. Kd7 1-0

[Event "Festival INPS"]
[Site "Roma ITA"]
[Date "1996.??.??"]
[Round "7"]
[White "Farina, Saverio"]
[Black "Scacco, Mauro"]
[Result "1-0"]
[WhiteElo "2170"]
[BlackElo "2055"]
[PlyCount "89"]
[EventDate "1996.??.??"]

1. d4 Nf6 2. c4 g6 3. Nc3 Bg7 4. e4 O-O 5. Nge2 d6 6. Ng3 e5 7. d5 Ng4 8. h4 f5
9. exf5 gxf5 10. Nh5 Bh8 11. f3 Nf6 12. Bg5 Qe8 13. Nxf6+ Bxf6 14. Qd2 Na6 15.
Bd3 Nc5 16. Bc2 a6 17. b4 Nd7 18. Bxf5 Bg7 19. Qc2 e4 20. Be6+ Kh8 21. O-O-O
exf3 22. gxf3 Rxf3 23. Ne2 Ne5 24. Nd4 Rf8 25. Rhf1 c6 26. Rxf8+ Qxf8 27. Qf5
Qxf5 28. Nxf5 Nxc4 29. Nxg7 Kxg7 30. Be7 Bxe6 31. dxe6 Re8 32. Rg1+ Kh6 33.
Bg5+ Kg6 34. Bd8+ Kf5 35. e7 Kf6 36. h5 Ne3 37. Rg8 Kf7 38. Rg5 Nd5 39. Rf5+
Kg7 40. h6+ Kg8 41. Rg5+ Kh8 42. Rg7 Nxb4 43. Bc7 Nd3+ 44. Kb1 d5 45. Bd6 1-0

[Event "Festival INPS"]
[Site "Roma ITA"]
[Date "1996.??.??"]
[Round "7"]
[White "Ianniello, Riccardo"]
[Black "Scavo, Fernando"]
[Result "1-0"]
[WhiteElo "2330"]
[BlackElo "2150"]
[PlyCount "147"]
[EventDate "1996.??.??"]

1. e4 e6 2. Nf3 d5 3. e5 c5 4. c3 Nc6 5. Bb5 Qb6 6. a4 a6 7. Bxc6+ Qxc6 8. d4
b5 9. axb5 axb5 10. Rxa8 Qxa8 11. dxc5 Bxc5 12. b4 Bb6 13. O-O Ne7 14. Qe2 Bd7
15. Be3 Qa7 16. Bxb6 Qxb6 17. Nbd2 O-O 18. Nb3 Ra8 19. Qb2 Ng6 20. Re1 Qc7 21.
g3 Bc6 22. Nbd4 Be8 23. h4 Qa7 24. h5 Ne7 25. h6 Qa3 26. Qd2 Ng6 27. hxg7 Kxg7
28. Kg2 Bd7 29. Rh1 Rh8 30. Qh6+ Kg8 31. Nh2 Nxe5 32. Qg5+ Ng6 33. Qd8+ Nf8 34.
Ng4 Qxc3 35. Nh6+ Kg7 36. Qe7 Be8 37. Rh4 Qc8 38. Qg5+ Ng6 39. Nhf5+ exf5 40.
Nxf5+ Qxf5 41. Qxf5 Nxh4+ 42. gxh4 h5 43. Qg5+ Kf8 44. Kf1 Rh7 45. Qf6 Rg7 46.
Qd6+ Kg8 47. Qd8 Kf8 48. Qxd5 f6 49. Qe6 Rg6 50. Qd6+ Kf7 51. Qc7+ Kf8 52. f3
Rg7 53. Qd6+ Kf7 54. Kf2 Rg8 55. Qc7+ Kg6 56. Qd8 Kf7 57. Ke3 Rf8 58. Kf4 Kg7
59. Qe7+ Kg8 60. Qb7 Kh8 61. Kf5 Kg8 62. Qe7 Bf7 63. Kxf6 Bc4+ 64. Kg6 Rf7 65.
Qd8+ Rf8 66. Qd4 Rf7 67. f4 Be6 68. Qe5 Bd7 69. Qd5 Be8 70. Kxh5 Kf8 71. Qd6+
Kg7 72. Kg5 Bd7 73. Qe5+ Kh7 74. f5 1-0

[Event "Festival INPS"]
[Site "Roma ITA"]
[Date "1996.??.??"]
[Round "7"]
[White "Lantini, Marco"]
[Black "Tosoni, Augusto"]
[Result "0-1"]
[WhiteElo "2220"]
[BlackElo "2008"]
[PlyCount "69"]
[EventDate "1996.??.??"]

1. e4 c5 2. Nf3 d6 3. d4 cxd4 4. Nxd4 Nf6 5. Nc3 g6 6. Be2 Bg7 7. Be3 O-O 8.
O-O Nc6 9. Nb3 Be6 10. f4 Na5 11. e5 Ne8 12. f5 Bxf5 13. Nxa5 Qxa5 14. Nd5 e6
15. Ne7+ Kh8 16. exd6 Rd8 17. d7 Nf6 18. Nxf5 exf5 19. Qd4 Nxd7 20. Qxa7 Qe5
21. Rad1 Rfe8 22. Rd3 b6 23. Bf3 Nc5 24. Bxc5 Qxc5+ 25. Kh1 Qc4 26. Qxb6 Rxd3
27. cxd3 Qxd3 28. Rd1 Qc2 29. Qb3 Qf2 30. Qb4 g5 31. Bc6 Qc2 32. Re1 Rxe1+ 33.
Qxe1 Qxc6 34. b3 h5 35. Qd1 $138 0-1

[Event "Festival INPS"]
[Site "Roma ITA"]
[Date "1996.??.??"]
[Round "7"]
[White "Laudati, Adriano"]
[Black "Vignato, Giovanni"]
[Result "1-0"]
[WhiteElo "1870"]
[BlackElo "2080"]
[PlyCount "109"]
[EventDate "1996.??.??"]

1. d4 d5 2. e4 c6 3. e5 Bf5 4. Ne2 e6 5. Ng3 Bg6 6. h4 h6 7. h5 Bh7 8. Bd3 Bxd3
9. Qxd3 c5 10. c3 cxd4 11. cxd4 Qa5+ 12. Bd2 Qa6 13. Qxa6 Nxa6 14. a3 Ne7 15.
O-O Nc6 16. Be3 Be7 17. Nd2 Kd7 18. Nb3 Rhc8 19. Rac1 Bd8 20. f4 Na5 21. Nxa5
Bxa5 22. f5 Rxc1 23. Rxc1 Rc8 24. Rxc8 Kxc8 25. f6 gxf6 26. Bxh6 fxe5 27. Bg7
Bd2 28. dxe5 Nc5 29. Kf2 Bf4 30. h6 Bxh6 31. Bxh6 Nd3+ 32. Ke3 Nxe5 33. Kd4
Nc6+ 34. Kc3 Kd7 35. Bg7 e5 36. Ne2 Ke6 37. g4 f5 38. gxf5+ Kxf5 39. b3 Ke4 40.
Bh6 Kf3 41. Kd2 d4 42. Bg7 Ke4 43. Ng3+ Kd5 44. Kd3 Nd8 45. Ne4 Ne6 46. Bh6 a5
47. Nf6+ Kd6 48. Kc4 Kc6 49. a4 b6 50. Ne4 Nc5 51. Nxc5 bxc5 52. Bf8 d3 53.
Kxd3 Kd5 54. Bh6 e4+ 55. Kc3 1-0

[Event "Festival INPS"]
[Site "Roma ITA"]
[Date "1996.??.??"]
[Round "7"]
[White "Messina, Enrico"]
[Black "Quimi, Marco"]
[Result "0-1"]
[WhiteElo "2057"]
[BlackElo "2225"]
[PlyCount "100"]
[EventDate "1996.??.??"]

1. e4 c5 2. Nf3 d6 3. d4 cxd4 4. Nxd4 Nf6 5. Nc3 g6 6. Be3 Bg7 7. f3 O-O 8. Qd2
Nc6 9. g4 Nxd4 10. Bxd4 Be6 11. O-O-O Qa5 12. a3 Rfc8 13. h4 h5 14. g5 Ne8 15.
Bxg7 Nxg7 16. Nd5 Qxd2+ 17. Rxd2 Bxd5 18. Rxd5 Rc6 19. Bh3 Kf8 20. Rhd1 Ne6 21.
R5d2 Nf4 22. Bf1 Rc5 23. c4 b5 24. b3 bxc4 25. Bxc4 Rb8 26. Rc2 a5 27. a4 Kg7
28. Rdd2 f6 29. gxf6+ Kxf6 30. Kb2 g5 31. hxg5+ Rxg5 32. Bb5 Rg3 33. Rf2 h4 34.
b4 axb4 35. Kb3 h3 36. Bf1 Ne6 37. Ra2 Nc5+ 38. Kc4 b3 39. Rab2 Ra8 40. Kb5
Rgg8 41. e5+ Kxe5 42. Rbe2+ Kf6 43. Bxh3 Rgb8+ 44. Kc6 Ra6+ 45. Kd5 Nd3 46.
Re6+ Kf7 47. Rfe2 Nf4+ 48. Kc4 Nxe2 49. Rxe2 b2 50. Be6+ Kf6 0-1

[Event "Festival INPS"]
[Site "Roma ITA"]
[Date "1996.??.??"]
[Round "7"]
[White "Nurkic, Sahbaz"]
[Black "Saccone, Fabio"]
[Result "0-1"]
[WhiteElo "2365"]
[BlackElo "2175"]
[PlyCount "72"]
[EventDate "1996.??.??"]

1. e4 e6 2. d4 d5 3. Nd2 Nf6 4. e5 Nfd7 5. Bd3 c5 6. c3 Nc6 7. Ne2 cxd4 8. cxd4
f6 9. exf6 Qxf6 10. O-O Bd6 11. Nf3 h6 12. Ng3 O-O 13. Be3 e5 14. Qb3 Qf7 15.
Rad1 exd4 16. Bxd4 Nxd4 17. Nxd4 Nc5 18. Qc2 Nxd3 19. Rxd3 Bg4 20. h3 Bd7 21.
Rf3 Qe7 22. Ngf5 Bxf5 23. Nxf5 Qe5 24. Nxh6+ gxh6 25. Qg6+ Qg7 26. Qe6+ Kh8 27.
Rxf8+ Bxf8 28. Qxd5 Qxb2 29. Re1 Bg7 30. Qf7 Rf8 31. Re8 Qb1+ 32. Kh2 Rxe8 33.
Qxe8+ Kh7 34. f4 Qf5 35. Qe3 h5 36. g3 Qc2+ 0-1

[Event "Festival INPS"]
[Site "Roma ITA"]
[Date "1996.??.??"]
[Round "7"]
[White "Proietti, Giorgio"]
[Black "Turturici, Pellegrino"]
[Result "0-1"]
[WhiteElo "1717"]
[BlackElo "1716"]
[PlyCount "84"]
[EventDate "1996.??.??"]

1. d4 d5 2. c4 e6 3. Nc3 Nf6 4. Bg5 Nbd7 5. e3 Be7 6. Nf3 O-O 7. Rc1 b6 8. cxd5
exd5 9. a3 c5 10. dxc5 bxc5 11. Nxd5 Nxd5 12. Qxd5 Bxg5 13. Nxg5 Rb8 14. b4
cxb4 15. Bc4 Qf6 16. Ne4 Qb2 17. O-O Qxa3 18. Ra1 Qb2 19. Rxa7 Nb6 20. Qd6 Bf5
21. Ra2 Nxc4 22. Rxb2 Nxd6 23. Nxd6 Be6 24. Rc1 Rb6 25. Ne4 f6 26. Kf1 Ra8 27.
Rcb1 Bc4+ 28. Ke1 Bd3 29. Nd2 Bxb1 30. Nxb1 Ra1 31. Kd2 Kf7 32. Kd3 b3 33. Kc4
Ra4+ 34. Kd3 Ra7 35. Nc3 Rd7+ 36. Ke2 Rc7 37. Nd1 Rc2+ 38. Ke1 Ke6 39. g3 Kd5
40. Rxc2 bxc2 41. Nc3+ Kc4 42. Kd2 c1=Q+ 0-1

[Event "Festival INPS"]
[Site "Roma ITA"]
[Date "1996.??.??"]
[Round "7"]
[White "Rossetti, Mauro"]
[Black "Vannelli, Vittorio"]
[Result "1-0"]
[WhiteElo "1909"]
[BlackElo "1633"]
[PlyCount "73"]
[EventDate "1996.??.??"]

1. e4 e5 2. Nf3 Nc6 3. Nc3 Nf6 4. Bb5 d6 5. d4 exd4 6. Qxd4 Be7 7. e5 dxe5 8.
Qxd8+ Bxd8 9. Nxe5 Bd7 10. Nxd7 Nxd7 11. Bxc6 bxc6 12. O-O O-O 13. Re1 Rb8 14.
Na4 Rb4 15. b3 Bf6 16. Ba3 Rbb8 17. Rad1 Rfe8 18. Nc5 Nb6 19. Na6 Bc3 20. Nxb8
Rxe1+ 21. Rxe1 Bxe1 22. Nxc6 a5 23. Bc5 Nd5 24. Ne7+ Nxe7 25. Bxe7 Bb4 26. Bxb4
axb4 27. Kf1 Kf8 28. Ke2 Ke7 29. Kd3 Kd6 30. Kc4 c5 31. c3 g5 32. cxb4 cxb4 33.
Kxb4 f5 34. Kc4 Ke5 35. a4 h5 36. a5 g4 37. a6 1-0

[Event "Festival INPS"]
[Site "Roma ITA"]
[Date "1996.??.??"]
[Round "7"]
[White "Sciannamea, Valerio"]
[Black "Giangregorio, Pasquale"]
[Result "0-1"]
[WhiteElo "1719"]
[BlackElo "1767"]
[PlyCount "80"]
[EventDate "1996.??.??"]

1. e4 c6 2. d4 d5 3. e5 Bf5 4. Nf3 e6 5. Be2 Qb6 6. c3 c5 7. O-O Nc6 8. dxc5
Bxc5 9. b4 Be7 10. Qa4 Nh6 11. Be3 Qd8 12. Nd4 O-O 13. Bxh6 Nxd4 14. cxd4 gxh6
15. Nd2 Qb6 16. b5 Rfc8 17. Rac1 Rc7 18. Rxc7 Qxc7 19. Qb3 Rc8 20. g4 Bg6 21.
f4 Qc2 22. Rd1 Rc3 23. Qxc2 Rxc2 24. f5 exf5 25. Bd3 Rxa2 26. gxf5 Bh5 27. Rc1
Rxd2 28. Rc8+ Bf8 29. e6 fxe6 30. fxe6 Kg7 31. Rc7+ Kf6 32. Bxh7 Kxe6 33. Rxb7
Rxd4 34. Rxa7 Rf4 35. Ra6+ Ke5 36. b6 Bc5+ 37. Kg2 Rb4 38. b7 Rxb7 39. Rxh6
Rg7+ 40. Kh3 Bf3 0-1

[Event "Festival INPS"]
[Site "Roma ITA"]
[Date "1996.??.??"]
[Round "7"]
[White "Siraco, Maurizio"]
[Black "Pienabarca, Nicola"]
[Result "0-1"]
[WhiteElo "1965"]
[BlackElo "1995"]
[PlyCount "92"]
[EventDate "1996.??.??"]

1. e4 e6 2. d4 d5 3. Nc3 Nf6 4. Bg5 dxe4 5. Nxe4 Be7 6. Bxf6 Bxf6 7. Nf3 O-O 8.
Qd2 b6 9. O-O-O Bb7 10. Bd3 Nd7 11. Neg5 g6 12. h4 c5 13. Nxh7 Kxh7 14. h5 Bxf3
15. hxg6+ Kg8 16. gxf7+ Rxf7 17. gxf3 cxd4 18. Bc4 Kf8 19. Qb4+ Qe7 20. Qe1 Ne5
21. Bb3 d3 22. cxd3 Nxf3 23. Qe4 Rc8+ 24. Kb1 Nd4 25. Rc1 Rxc1+ 26. Rxc1 Nxb3
27. Qa8+ Kg7 28. axb3 Qd8 29. Qg2+ Kf8 30. Ka2 Rc7 31. Rg1 Rg7 32. Qh1 Rxg1 33.
Qxg1 Qd4 34. Qc1 Kf7 35. Qc2 a5 36. f3 Kg6 37. Qg2+ Kf7 38. Qc2 Be5 39. Qe2 Kf6
40. Qc2 Kf5 41. Qd2 b5 42. Qg2 Qxb2+ 43. Qxb2 Bxb2 44. Kxb2 Kf4 45. Kc3 Kxf3
46. Kd4 Ke2 0-1

[Event "Festival INPS"]
[Site "Roma ITA"]
[Date "1996.??.??"]
[Round "7"]
[White "Tocco, Paolo"]
[Black "Togni, Giampiero"]
[Result "1-0"]
[WhiteElo "2180"]
[BlackElo "1710"]
[PlyCount "45"]
[EventDate "1996.??.??"]

1. e4 e6 2. d4 c5 3. Nf3 Nf6 4. Nbd2 Qa5 5. c3 a6 6. Bd3 b5 7. dxc5 b4 8. Nb3
Qa4 9. e5 Nd5 10. c4 Nc7 11. Be4 Nc6 12. O-O Bb7 13. Qd3 Na5 14. c6 Bxc6 15.
Bxc6 dxc6 16. Rd1 c5 17. Nxa5 Be7 18. Nb3 O-O 19. Bg5 f6 20. exf6 gxf6 21. Bh6
Rfd8 22. Qe4 Kf7 23. Qxh7+ 1-0

[Event "Festival INPS"]
[Site "Roma ITA"]
[Date "1996.??.??"]
[Round "8"]
[White "Capretti, Giovanni"]
[Black "Attanasi, Salvatore"]
[Result "1-0"]
[WhiteElo "1836"]
[BlackElo "1741"]
[PlyCount "55"]
[EventDate "1996.??.??"]

1. e4 e6 2. d4 d5 3. Nd2 c5 4. Ngf3 Nf6 5. e5 Nfd7 6. c3 Nc6 7. Be2 cxd4 8.
cxd4 Be7 9. h4 f6 10. exf6 Bxf6 11. Nb3 O-O 12. Bg5 Qb6 13. Qd3 Qb4+ 14. Bd2
Qd6 15. Ng5 g6 16. Nxh7 Kxh7 17. h5 Kg8 18. hxg6 Bg7 19. Qh3 Nf6 20. Bg5 e5 21.
Qh4 Bf5 22. Bxf6 Bxg6 23. Bxg7 Kf7 24. Bxf8 Rxf8 25. Bh5 exd4 26. Bxg6+ Qxg6
27. Qh7+ Kf6 28. Rh6 1-0

[Event "Festival INPS"]
[Site "Roma ITA"]
[Date "1996.??.??"]
[Round "8"]
[White "Chiaretti, Roberto"]
[Black "Farina, Saverio"]
[Result "1-0"]
[WhiteElo "2109"]
[BlackElo "2170"]
[PlyCount "65"]
[EventDate "1996.??.??"]

1. e4 e6 2. d4 d5 3. e5 c5 4. c3 Nc6 5. Nf3 Qb6 6. a3 c4 7. Nbd2 f6 8. exf6
Nxf6 9. Be2 Bd6 10. O-O O-O 11. Rb1 e5 12. dxe5 Nxe5 13. Nxe5 Bxe5 14. Nf3 Bd6
15. Bg5 Be6 16. Nd4 Bc5 17. Be3 Bf7 18. b4 cxb3 19. Rxb3 Qc7 20. h3 Rac8 21.
Bd3 Ne4 22. Qg4 Kh8 23. Bf4 Qe7 24. Re1 Nxf2 25. Kxf2 Qf6 26. Kg1 Bxd4+ 27.
cxd4 Qxd4+ 28. Kh1 Rc3 29. Qf5 Rxd3 30. Rxd3 Qf2 31. Rde3 d4 32. Qxf7 Qxf4 33.
Qxf4 1-0

[Event "Festival INPS"]
[Site "Roma ITA"]
[Date "1996.??.??"]
[Round "8"]
[White "Chiusano, Raimondo"]
[Black "Vignato, Giovanni"]
[Result "1-0"]
[WhiteElo "2034"]
[BlackElo "2080"]
[PlyCount "83"]
[EventDate "1996.??.??"]

1. e4 c6 2. d4 d5 3. e5 Bf5 4. Nf3 e6 5. Be2 c5 6. O-O Nc6 7. c3 cxd4 8. cxd4
Nge7 9. Nc3 Bg4 10. Be3 Nf5 11. Qd2 Bb4 12. h3 Bxf3 13. Bxf3 O-O 14. Be2 Rc8
15. g4 Nxe3 16. fxe3 Na5 17. Rac1 Qg5 18. Rc2 h5 19. Rf4 Nc4 20. Bxc4 Rxc4 21.
Qf2 Qg6 22. Kh2 Rfc8 23. gxh5 Qxh5 24. Rh4 Qd1 25. Rd2 Qc1 26. Rc2 Qb1 27. Qd2
Qxa2 28. Qd3 Qb3 29. Rg2 g6 30. Rxg6+ Kf8 31. Rh8+ Ke7 32. Nxd5+ exd5 33. Qxb3
Rxh8 34. Rg2 f6 35. exf6+ Ke6 36. Qd3 Rc1 37. Qg6 Bd6+ 38. Rg3 Rhc8 39. h4
R8c2+ 40. Kh3 Rh1+ 41. Kg4 Rch2 42. f7+ 1-0

[Event "Festival INPS"]
[Site "Roma ITA"]
[Date "1996.??.??"]
[Round "8"]
[White "Colombrini, Adolfo"]
[Black "Tocco, Paolo"]
[Result "0-1"]
[WhiteElo "1704"]
[BlackElo "2180"]
[PlyCount "74"]
[EventDate "1996.??.??"]

1. e4 e5 2. Nf3 Nc6 3. Bb5 a6 4. Bxc6 dxc6 5. O-O Qd6 6. h3 Bd7 7. d4 exd4 8.
Qxd4 Qxd4 9. Nxd4 O-O-O 10. Nf3 f6 11. Be3 Ne7 12. Rd1 Ng6 13. a3 Bd6 14. Nc3
Rhe8 15. Nd4 Bf8 16. Re1 c5 17. Nf5 Bxf5 18. exf5 Nh4 19. Rad1 Rxd1 20. Rxd1
Nxf5 21. Bf4 Nd4 22. Rd2 Re1+ 23. Kh2 Bd6 24. Bxd6 cxd6 25. Nd5 Re2 26. Rxe2
Nxe2 27. Ne7+ Kd7 28. Nf5 g6 29. Ne3 Ke6 30. g3 d5 31. Kg2 b5 32. Kf1 Nd4 33.
c3 Nf3 34. Ke2 Ng1+ 35. Kf1 Nxh3 36. f4 g5 37. Kg2 gxf4 0-1

[Event "Festival INPS"]
[Site "Roma ITA"]
[Date "1996.??.??"]
[Round "8"]
[White "Galeno, Giorgio"]
[Black "Rossetti, Mauro"]
[Result "0-1"]
[WhiteElo "1680"]
[BlackElo "1909"]
[PlyCount "54"]
[EventDate "1996.??.??"]

1. d4 Nf6 2. c4 e6 3. Nc3 Bb4 4. a3 Bxc3+ 5. bxc3 c5 6. e3 O-O 7. Bd3 Nc6 8.
Ne2 cxd4 9. cxd4 d5 10. cxd5 exd5 11. O-O Re8 12. f3 Be6 13. Ng3 Rc8 14. Bb2
Re7 15. Rc1 Rec7 16. Qd2 Qd7 17. Bb1 Ne8 18. e4 Nd6 19. Ba2 Ne7 20. Rxc7 Rxc7
21. Rc1 Rxc1+ 22. Bxc1 Qc7 23. Bb1 Nb5 24. Ne2 Qb6 25. exd5 Nxd5 26. a4 Nd6 27.
a5 Qxb1 0-1

[Event "Festival INPS"]
[Site "Roma ITA"]
[Date "1996.??.??"]
[Round "8"]
[White "Michelena, Rodolfo"]
[Black "Siraco, Maurizio"]
[Result "1/2-1/2"]
[WhiteElo "1810"]
[BlackElo "1965"]
[PlyCount "89"]
[EventDate "1996.??.??"]

1. e4 e6 2. d4 d5 3. Nc3 Bb4 4. e5 b6 5. a3 Bf8 6. Nf3 Ba6 7. Bxa6 Nxa6 8. Ne2
Qd7 9. Qd3 Nb8 10. O-O Ne7 11. Ng3 Nbc6 12. Qa6 Qc8 13. Qb5 Qd7 14. Qa6 Na5 15.
Nd2 Qc8 16. Qb5+ Nac6 17. Qd3 a5 18. Nf3 Qa6 19. Qe3 Qc4 20. c3 a4 21. Nd2 Qb5
22. f4 g6 23. Rb1 Na5 24. Qe2 Qxe2 25. Nxe2 h5 26. g3 Nc4 27. Kf2 Ra5 28. Ng1
Rb5 29. Nxc4 dxc4 30. Nf3 Rd5 31. Nd2 b5 32. Ne4 Bg7 33. Be3 Rd8 34. Nc5 Nd5
35. Kf3 Bf8 36. Ne4 Be7 37. h4 Kd7 38. Bf2 Kc6 39. Rbd1 Kb6 40. Rh1 Kc6 41.
Rdg1 Rh7 42. Rg2 Rdh8 43. Rgh2 Kd7 44. Rd1 c6 45. Re1 1/2-1/2

[Event "Festival INPS"]
[Site "Roma ITA"]
[Date "1996.??.??"]
[Round "8"]
[White "Pienabarca, Nicola"]
[Black "Laudati, Adriano"]
[Result "1-0"]
[WhiteElo "1995"]
[BlackElo "1870"]
[PlyCount "113"]
[EventDate "1996.??.??"]

1. d4 e6 2. Nf3 Nf6 3. Bg5 b6 4. Nbd2 Bb7 5. e3 Be7 6. Bd3 d6 7. O-O Nbd7 8. c3
O-O 9. e4 e5 10. Qe2 Ng4 11. Bxe7 Qxe7 12. h3 Nh6 13. dxe5 Nxe5 14. Nxe5 dxe5
15. Nc4 Rad8 16. Ne3 Rd7 17. Bb5 c6 18. Bc4 Rfd8 19. Rad1 Rxd1 20. Rxd1 Kf8 21.
Bb3 Rxd1+ 22. Qxd1 Ba6 23. a3 g6 24. Ba2 Bc8 25. Nc2 Qd7 26. Qf3 Ng8 27. Nb4
Kg7 28. Nxc6 f6 29. Nb4 Bb7 30. Bxg8 Kxg8 31. Qxf6 Bxe4 32. Qxe5 Bb7 33. Qd4
Qe6 34. Qd8+ Kg7 35. Qc7+ Qf7 36. Qxf7+ Kxf7 37. Nc2 Kf6 38. Ne3 Ke5 39. Kf1
Kf4 40. Ke2 g5 41. Kd3 h5 42. Kd4 g4 43. hxg4 hxg4 44. Nd5+ Kf5 45. g3 Ke6 46.
Ne3 Bf3 47. Nc4 Bb7 48. Ne5 Kf5 49. a4 Bg2 50. b4 Bf1 51. Nc6 a6 52. a5 bxa5
53. Nxa5 Ke6 54. c4 Kd6 55. Nb7+ Kc6 56. Nc5 Kb6 57. Nd7+ 1-0

[Event "Festival INPS"]
[Site "Roma ITA"]
[Date "1996.??.??"]
[Round "8"]
[White "Quimi, Marco"]
[Black "De Vita, Igor"]
[Result "1-0"]
[WhiteElo "2225"]
[BlackElo "2150"]
[PlyCount "79"]
[EventDate "1996.??.??"]

1. e4 Nf6 2. e5 Nd5 3. c4 Nb6 4. c5 Nd5 5. Nc3 e6 6. Bc4 Nxc3 7. bxc3 d5 8.
cxd6 cxd6 9. Nf3 Nc6 10. Qe2 d5 11. Bb3 Be7 12. O-O Bd7 13. Re1 Rc8 14. a4 Na5
15. Bc2 Qc7 16. Ba3 Bxa3 17. Rxa3 Qc5 18. Raa1 h6 19. h4 Qe7 20. Qe3 Qc5 21.
Qf4 Qe7 22. Qg4 O-O 23. Qd4 b6 24. Qd3 g6 25. h5 Be8 26. Rab1 Rc5 27. Nd4 Nb7
28. Qh3 Bxa4 29. Bd3 Rcc8 30. hxg6 Nc5 31. Qxh6 fxg6 32. Bxg6 Qg7 33. Qh5 Be8
34. Bxe8 Rcxe8 35. Re3 Ne4 36. d3 Nxf2 37. Rf1 Ng4 38. Rxf8+ Rxf8 39. Rg3 Rf5
40. Nxe6 1-0

[Event "Festival INPS"]
[Site "Roma ITA"]
[Date "1996.??.??"]
[Round "8"]
[White "Saccone, Fabio"]
[Black "Ianniello, Riccardo"]
[Result "0-1"]
[WhiteElo "2175"]
[BlackElo "2330"]
[PlyCount "76"]
[EventDate "1996.??.??"]

1. e4 e6 2. d4 Ne7 3. c4 d5 4. Nc3 dxe4 5. Nxe4 Nf5 6. Nf3 Nc6 7. Be3 Bb4+ 8.
Nc3 O-O 9. a3 Be7 10. Bd3 Nxe3 11. fxe3 f5 12. O-O Bf6 13. Bc2 g6 14. Qd2 Qe7
15. Rad1 Rd8 16. Qf2 Bd7 17. e4 Bg7 18. Rfe1 f4 19. e5 Rf8 20. d5 Nd8 21. Ne4
Nf7 22. Qc5 Rfe8 23. Qxe7 Rxe7 24. d6 cxd6 25. exd6 Ree8 26. Nc5 Red8 27. Nxb7
Rdc8 28. b3 Rab8 29. Na5 Bc3 30. b4 Bxe1 31. Rxe1 Nxd6 32. Ne5 Be8 33. Bb3 Nf5
34. Re4 Rc7 35. c5 Rd8 36. Bxe6+ Kg7 37. Bxf5 gxf5 38. Rxf4 38... Kf6 $138 0-1

[Event "Festival INPS"]
[Site "Roma ITA"]
[Date "1996.??.??"]
[Round "8"]
[White "Scacco, Mauro"]
[Black "Messina, Enrico"]
[Result "1-0"]
[WhiteElo "2055"]
[BlackElo "2057"]
[PlyCount "58"]
[EventDate "1996.??.??"]

1. e4 c5 2. Nf3 d6 3. d4 cxd4 4. Nxd4 Nf6 5. Nc3 g6 6. Be3 Bg7 7. f3 O-O 8. Qd2
Nc6 9. Bc4 Nd7 10. O-O-O Na5 11. Bxf7+ Kxf7 12. Ne6 Qe8 13. Nc7 Bxc3 14. bxc3
Qd8 15. Qd5+ e6 16. Qxe6+ Kg7 17. Qxd6 Qh4 18. Nxa8 Nc6 19. Nc7 Nb6 20. Ne6+
Bxe6 21. Qxe6 Rf7 22. Bxb6 axb6 23. Rd7 Qg5+ 24. Kd1 Rxd7+ 25. Qxd7+ Kf8 26. a3
Qe3 27. Qd3 Qc5 28. f4 Na5 29. Qd8+ Kf7 1-0

[Event "Festival INPS"]
[Site "Roma ITA"]
[Date "1996.??.??"]
[Round "8"]
[White "Tosoni, Augusto"]
[Black "Nurkic, Sahbaz"]
[Result "1-0"]
[WhiteElo "2008"]
[BlackElo "2365"]
[PlyCount "105"]
[EventDate "1996.??.??"]

1. e4 g6 2. d4 Bg7 3. Nc3 c6 4. a4 d5 5. e5 h5 6. Bd3 Nh6 7. Nf3 Bg4 8. h3 Bxf3
9. Qxf3 e6 10. g4 Ng8 11. Ne2 Nd7 12. gxh5 Rxh5 13. Nf4 Nxe5 14. dxe5 Rxe5+ 15.
Kf1 Qf6 16. Be2 Rf5 17. Qg3 Qe5 18. Bg4 Rf6 19. Nh5 Qe4 20. Nxf6+ Nxf6 21. Qf3
Qxc2 22. Qe2 Qc5 23. Bf3 Qd6 24. Bg5 e5 25. Bxf6 Bxf6 26. h4 O-O-O 27. h5 e4
28. Bg2 Kb8 29. hxg6 fxg6 30. Qg4 Bxb2 31. Rb1 Bd4 32. Rh7 b6 33. Bh3 Rf8 34.
Rf7 Rh8 35. Kg2 g5 36. Qd7 Qxd7 37. Bxd7 Kc7 38. Rc1 Bc5 39. a5 Kd6 40. a6 Rh4
41. Bc8 Rf4 42. Rxa7 Rxf2+ 43. Kg3 Ra2 44. Rg7 e3 45. Rg6+ Kc7 46. Bb7 e2 47.
Rxc6+ Kd7 48. Re1 Bd6+ 49. Kf3 g4+ 50. Kxg4 Bb8 51. Kf3 d4 52. Rxe2 Ra3+ 53.
Ke4 1-0

[Event "Festival INPS"]
[Site "Roma ITA"]
[Date "1996.??.??"]
[Round "8"]
[White "Turturici, Pellegrino"]
[Black "Cattarinich, Benedetto"]
[Result "1/2-1/2"]
[WhiteElo "1716"]
[BlackElo "1759"]
[PlyCount "22"]
[EventDate "1996.??.??"]

1. e4 c5 2. Nf3 e6 3. d4 cxd4 4. Nxd4 Nf6 5. Bd3 d5 6. e5 Nfd7 7. f4 a6 8. Nxe6
fxe6 9. Qh5+ Ke7 10. Qh4+ Ke8 11. Qh5+ Ke7 1/2-1/2

[Event "Festival INPS"]
[Site "Roma ITA"]
[Date "1996.??.??"]
[Round "8"]
[White "Vannelli, Vittorio"]
[Black "Bono, Leonardo"]
[Result "0-1"]
[WhiteElo "1633"]
[BlackElo "1753"]
[PlyCount "76"]
[EventDate "1996.??.??"]

1. d4 e6 2. c4 f5 3. Nc3 Nf6 4. Nf3 Be7 5. e3 O-O 6. Bd3 b6 7. e4 fxe4 8. Nxe4
Bb7 9. Nxf6+ Bxf6 10. Qc2 g6 11. Bh6 Nc6 12. Bxf8 Qxf8 13. O-O-O Nb4 14. Qb3 d5
15. Rhe1 Nxd3+ 16. Qxd3 dxc4 17. Qe3 Bd5 18. Ne5 c3 19. Nd7 cxb2+ 20. Kb1 Qg7
21. Nxf6+ Qxf6 22. g3 Rc8 23. Qe5 Qxf2 24. Rf1 Qg2 25. Rde1 a5 26. Rf6 Re8 27.
Re2 Qh1+ 28. Kxb2 Qd1 29. Rff2 Qa4 30. Kc1 Qa3+ 31. Kb1 Qe7 32. Rc2 c6 33. Rb2
b5 34. Rf6 a4 35. Qf4 a3 36. Rf2 Qb4+ 37. Kc1 Qc3+ 38. Rc2 Qe1# 0-1